[Event "AUTO-OPEN-3588"]
[Site "http://www.queenalice.com/game.php?id=1400745"]
[Date "2015.12.27"]
[Round "1"]
[White "bouley"]
[Black "Vitorpl"]
[Result "1-0"]
[WhiteElo "2109"]
[BlackElo "1905"]

1. e4 e5 2. Bc4 Nc6 3. c3 Nf6 4. d3 Bc5 5. Nf3 O-O 6. Bg5 d6 7. b4 Bb6 8. a4 a5
9. b5 Na7 10. Nbd2 c6 11. O-O Qe7 12. h3 Be6 13. Qb3 Rfe8 14. d4 Rad8 15. d5
cxd5 16. exd5 Bf5 17. Rfe1 Qd7 18. Bxf6 gxf6 19. Ne4 Kg7 20. Qc2 Bxh3 21. gxh3
Qxh3 22. Nh2 Rg8 23. Kh1 f5 24. Rg1+ Kh8 25. Ng5 Qh5 26. Qxf5 Rdf8 27. Be2 Qg6
28. Qxg6 fxg6 29. Rg2 Nc8 30. Rf1 Rf5 31. Nhf3 h6 32. Rh2 h5 33. Bd3 Rf4 34. Rh4
Rf6 35. Kg2 Ne7 36. c4 Re8 37. Ne6 Kg8 38. Nfg5 Nf5 39. Bxf5 Rxf5 40. f4 Be3 41.
Nh3 Kf7 42. fxe5 dxe5 43. Rxf5+ gxf5 44. Rxh5 Rg8+ 45. Kf1 Rg4 46. Rxf5+ Ke7 47.
Rxe5 Rxc4 48. Rxe3 Rxa4 49. Nc5+ 1-0

[Event "AUTO-OPEN-3588"]
[Site "http://www.queenalice.com/game.php?id=1400746"]
[Date "2015.12.27"]
[Round "1"]
[White "Vitorpl"]
[Black "bouley"]
[Result "0-1"]
[WhiteElo "1873"]
[BlackElo "2115"]

1. e4 Nc6 2. g3 Nf6 3. Nc3 e5 4. Bg2 Be7 5. Nf3 O-O 6. O-O d6 7. b3 Bg4 8. d3
Qd7 9. Bb2 Rfe8 10. Qd2 Bh3 11. Nh4 Bxg2 12. Kxg2 Ng4 13. Nd5 Bxh4 14. gxh4 Ne7
15. Ne3 Ng6 16. Qe2 Nxh4+ 17. Kh1 Nxe3 18. Qxe3 Ng6 19. Rg1 Nf4 20. Qg3 g6 21.
Qe3 c5 22. d4 cxd4 23. Bxd4 Nh3 24. Rg3 exd4 25. Qf3 Nxf2+ 26. Qxf2 Rxe4 27. Rd1
Qc6 28. Kg1 Rae8 29. Rf1 R8e7 30. h3 Re2 31. Qxd4 Rxc2 32. Qxa7 Qc5+ 33. Qxc5
dxc5 34. a4 Rce2 35. a5 Ra2 36. Rg5 Rc7 37. Rc1 Rxa5 38. b4 Ra3 39. b5 Rxh3 40.
Rgxc5 Rxc5 41. Rxc5 Rb3 42. Kg2 h5 43. Rg5 Kg7 44. Rd5 b6 45. Kh2 Kh6 46. Kg2 f5
47. Kf2 h4 48. Kg2 Kh5 49. Kh2 Kg4 50. Rd6 Rxb5 51. Rxg6+ Kf3 52. Kh3 Rb4 53.
Rf6 Ke4 54. Kxh4 Ke5+ 55. Kg5 Rg4+ 0-1

[Event "AUTO-OPEN-3588"]
[Site "http://www.queenalice.com/game.php?id=1400771"]
[Date "2015.12.27"]
[Round "1"]
[White "Lopesq"]
[Black "Vitorpl"]
[Result "1-0"]
[WhiteElo "1864"]
[BlackElo "1867"]

1. Nf3 g6 2. d4 d5 3. c3 Nf6 4. Bf4 Bg7 5. Nbd2 O-O 6. e3 Nc6 7. Be2 b6 8. Bb5
Bb7 9. O-O Na5 10. Ne5 Nh5 11. Bg3 c6 12. Be2 c5 13. Bxh5 gxh5 14. Qxh5 f6 15.
Nef3 Ba6 16. Rfe1 Bd3 17. dxc5 Bg6 18. Qg4 bxc5 19. Qe6+ Kh8 20. Qg4 e5 21. Nh4
Qe8 22. Nxg6+ hxg6 23. b3 f5 24. Qe2 e4 25. Rec1 g5 26. h3 Nc6 27. Bd6 Rf7 28.
Bxc5 Rc8 29. Ba3 Ne5 30. Qh5+ Kg8 31. Qxg5 Rc6 32. Qf4 Nd3 33. Qg5 Nxc1 34. Rxc1
Qc8 35. Nb1 Qa6 36. Qd8+ Kh7 37. Qxd5 Qb7 38. Bb4 Qc7 39. Rd1 Kh8 40. Qd8+ Qxd8
41. Rxd8+ Kh7 42. Rd1 Be5 43. Rd5 Bc7 44. Rd1 Rg6 45. c4 Rfg7 46. Kf1 Rxg2 47.
Ke2 Bg3 48. Rf1 Rh2 49. Be1 Bd6 50. a3 Bc5 51. b4 Bxe3 52. Kxe3 Rxh3+ 53. Ke2
Rb3 54. Bc3 Rd7 55. Rh1+ Kg6 56. Rg1+ Kf7 57. Rg7+ Ke6 58. Rg6+ Ke7 59. Rg7+ Kd6
60. c5+ Kc7 61. Be5+ Kd8 62. Rg8+ Ke7 63. Bd6+ Ke6 64. Rg6+ Kd5 65. Rg1 a6 66.
Nd2 Rxa3 67. Rg6 Ra4 68. Rf6 Rxb4 69. Rxf5+ Kc6 70. Rf6 Ra4 71. Bf8+ Kc7 72.
Bd6+ Kb7 73. Bf8 Rc7 74. Rb6+ Ka7 75. Bd6 Rd7 76. Bb8+ Ka8 77. c6 Rd8 78. c7 Rc8
79. Ke3 a5 80. Nb3 Rb4 81. Ra6+ Kb7 82. Nc5# 1-0

[Event "AUTO-OPEN-3588"]
[Site "http://www.queenalice.com/game.php?id=1400772"]
[Date "2015.12.27"]
[Round "1"]
[White "Vitorpl"]
[Black "Lopesq"]
[Result "1-0"]
[WhiteElo "1884"]
[BlackElo "1810"]

1. g3 d5 2. Nf3 c6 3. d4 Bg4 4. Bg2 e6 5. Nc3 Be7 6. O-O Nd7 7. Re1 h6 8. b3
Ngf6 9. Qd3 Bf5 10. Qd2 Bb4 11. Nh4 Bxc3 12. Qxc3 Bh7 13. Qb4 Nb6 14. c4 dxc4
15. bxc4 Qd7 16. Bb2 Qc7 17. Rac1 a5 18. Qc5 Nbd7 19. Qa3 Qd8 20. Qb3 b6 21.
Bxc6 O-O 22. Bxa8 Qxa8 23. Qc3 Be4 24. Red1 g5 25. Nf3 Rc8 26. Nd2 Bf5 27. Qf3
Qxf3 28. Nxf3 Kg7 29. a4 Kh7 30. Ne5 Kg8 31. Nxd7 Nxd7 32. d5 Nc5 33. d6 Nd7 34.
f3 Bg6 35. e4 h5 36. Bd4 g4 37. fxg4 hxg4 38. e5 Bf5 39. c5 bxc5 40. Bxc5 Rxc5
41. Rxc5 Nxc5 42. d7 Nxd7 43. Rxd7 Bc2 44. Rd4 Bf5 45. Rc4 Kg7 46. Rc5 Bd3 47.
Rxa5 Bc4 48. Rc5 Bb3 49. a5 Bd1 50. a6 Bf3 51. a7 Kg6 52. Ra5 Kf5 53. a8=Q Bxa8
54. Rxa8 f6 55. exf6 Kxf6 56. Kf2 Kf5 57. Ke3 1-0

[Event "AUTO-OPEN-3588"]
[Site "http://www.queenalice.com/game.php?id=1400789"]
[Date "2015.12.27"]
[Round "1"]
[White "Vitorpl"]
[Black "sss"]
[Result "1-0"]
[WhiteElo "1833"]
[BlackElo "1369"]

1. d4 d5 2. Nf3 Nc6 3. g3 Bg4 4. Bg2 e6 5. e3 Nf6 6. Nc3 a6 7. O-O h6 8. b3 Bb4
9. Bb2 Bxc3 10. Bxc3 O-O 11. Re1 Ne4 12. Qd3 Qf6 13. Nd2 1-0

[Event "AUTO-OPEN-3596"]
[Site "http://www.queenalice.com/game.php?id=1403349"]
[Date "2016.1.9"]
[Round "1"]
[White "The_magister"]
[Black "Vitorpl"]
[Result "0-1"]
[WhiteElo "1699"]
[BlackElo "1808"]

1. e4 e5 2. Nf3 Nc6 3. Nc3 Nf6 4. Bb5 g6 5. d3 Bg7 6. h3 O-O 7. Bg5 d6 8. Nd5 a6
9. Bc4 Na7 10. Qd2 a5 11. a3 c6 12. Nc3 Re8 13. Bh6 d5 14. Bxg7 Kxg7 15. Bb3 d4
16. Ne2 Nb5 17. Ng5 Nd6 18. f4 Nh5 19. g4 exf4 20. gxh5 Qxg5 21. hxg6 Qh4+ 22.
Kd1 hxg6 23. Nxf4 Rh8 24. Ne2 Bxh3 25. Qe1 Qxe1+ 26. Kxe1 Rae8 27. Nxd4 f5 28.
Kd2 f4 29. Ne6+ Bxe6 30. Rxh8 Kxh8 31. Rh1+ Kg7 32. c4 g5 33. Bd1 Rd8 34. Rh5
Nxe4+ 35. Kc2 Nf2 36. Be2 g4 37. Kd2 Ne4+ 38. Ke1 Ng3 39. Re5 Nxe2 40. Rxe6 Ng3
41. Re5 Kf6 42. Rxa5 Rxd3 43. Ra8 Re3+ 44. Kd2 Nf1+ 45. Kd1 g3 46. Rf8+ Ke5 47.
Re8+ Kd4 48. Rxe3 Kxe3 49. Ke1 g2 0-1

[Event "AUTO-OPEN-3596"]
[Site "http://www.queenalice.com/game.php?id=1403350"]
[Date "2016.1.9"]
[Round "1"]
[White "Vitorpl"]
[Black "The_magister"]
[Result "1-0"]
[WhiteElo "1824"]
[BlackElo "1602"]

1. g3 e5 2. Bg2 Nf6 3. e4 Bc5 4. Nh3 h6 5. O-O Nc6 6. Nc3 d6 7. d3 Bg4 8. Qe1
Nd4 9. Qd2 Bf3 10. Na4 Bxg2 11. Kxg2 Ng4 12. Nxc5 dxc5 13. c3 Ne6 14. Qd1 Nf6
15. Be3 Qd6 16. Qb3 b6 17. a4 Qxd3 18. Rad1 Qxe4+ 19. Kg1 O-O 20. Rfe1 Qf5 21.
Kg2 Rad8 22. c4 Rxd1 23. Rxd1 e4 24. Nf4 g5 25. Nd5 Qf3+ 26. Kg1 Nd4 27. Nxf6+
Qxf6 28. Bxd4 cxd4 29. Qc2 d3 30. Qd2 Qd4 31. b3 Re8 32. Re1 Re5 33. Kg2 Rf5 34.
h3 Rf3 35. Re3 Rf6 36. f3 exf3+ 37. Rxf3 Qe4 38. Qxd3 Qxd3 39. Rxd3 Rd6 40. Rxd6
cxd6 41. Kf3 Kg7 42. Ke4 Kf6 43. g4 Ke6 44. b4 a5 45. b5 f6 46. Kd4 f5 47. gxf5+
Kxf5 48. Kd5 g4 49. hxg4+ Kxg4 50. Kxd6 h5 51. c5 h4 52. c6 h3 53. c7 h2 54.
c8=Q+ Kg3 55. Qh8 Kg2 56. Kc6 Kg1 57. Kxb6 h1=Q 58. Qxh1+ 1-0

[Event "AUTO-OPEN-3596"]
[Site "http://www.queenalice.com/game.php?id=1403371"]
[Date "2016.1.9"]
[Round "1"]
[White "marreta7"]
[Black "Vitorpl"]
[Result "0-1"]
[WhiteElo "1498"]
[BlackElo "1865"]

1. e4 e5 2. Nf3 Nc6 3. Bb5 Nf6 4. d3 Bc5 5. h3 O-O 6. Bxc6 dxc6 7. a3 Re8 8. Nc3
b6 9. O-O Bd6 10. b4 c5 11. Bg5 cxb4 12. Bxf6 Qxf6 13. axb4 Qg6 14. b5 Bxh3 15.
g3 Bxf1 16. Qxf1 Rf8 17. Nd5 f5 18. Nxe5 Qe6 19. Nc4 fxe4 20. dxe4 Bxg3 21. f3
Be5 22. Nxe5 Qxe5 23. Kf2 Qxe4 24. Nxc7 Qxc2+ 25. Qe2 Qxc7 26. Qe6+ Qf7 27.
Qxf7+ Rxf7 28. Kg3 Rf5 29. Rb1 a5 30. Rd1 Rxb5 31. Re1 Rc8 32. Kg4 Rc4+ 33. Kg3
Rg5+ 34. Kf2 b5 35. Re8+ Kf7 36. Ra8 Rc2+ 37. Ke3 b4 38. Ra7+ Ke6 39. f4 Rg3+
40. Kd4 b3 41. Rxa5 b2 42. f5+ Kf6 43. Rc5 Rxc5 44. Kxc5 b1=Q 45. Kd4 Qb4+ 46.
Kd5 Rd3+ 47. Kc6 Qc4+ 48. Kb6 Rb3+ 49. Ka5 Qb5# 0-1

[Event "AUTO-OPEN-3596"]
[Site "http://www.queenalice.com/game.php?id=1403372"]
[Date "2016.1.9"]
[Round "1"]
[White "Vitorpl"]
[Black "marreta7"]
[Result "1-0"]
[WhiteElo "1913"]
[BlackElo "1498"]

1. d4 d5 2. g3 Bf5 3. Nc3 e6 4. Bg2 Nc6 5. e3 Bb4 6. Ne2 Bxc3+ 7. Nxc3 Nb4 8.
O-O Bxc2 9. Qg4 g6 10. Qe2 Bd3 11. Qd2 Bxf1 12. Bxf1 a6 13. b3 Qd7 14. Rb1 Nf6
15. Na4 Nc6 16. Bb2 Ne4 17. Qd3 h5 18. Bg2 h4 19. Bxe4 dxe4 20. Qxe4 hxg3 21.
fxg3 f5 22. Qf4 Nb4 23. Nc5 Nd3 24. Nxd3 b6 25. Ne5 Qh7 26. Nf3 O-O-O 27. d5
Rhe8 28. Ng5 Qd7 29. Nxe6 Qxd5 30. Qxc7# 1-0

[Event "AUTO-OPEN-3596"]
[Site "http://www.queenalice.com/game.php?id=1403383"]
[Date "2016.1.9"]
[Round "1"]
[White "peonaislado"]
[Black "Vitorpl"]
[Result "0-1"]
[WhiteElo "1573"]
[BlackElo "1913"]

1. d4 d5 2. c4 Nf6 3. Nc3 g6 4. Nf3 Bg7 5. e3 b6 6. Bd3 Nbd7 7. O-O Bb7 8. b3
O-O 9. Re1 e6 10. Ba3 Re8 11. Qd2 e5 12. dxe5 Nxe5 13. Nxe5 Rxe5 14. f4 Re8 15.
cxd5 Nxd5 16. Bb2 Nb4 17. Red1 Nd5 18. e4 Nb4 19. a3 Nc6 20. f5 Nd4 21. fxg6
hxg6 22. Qc2 Nxc2 23. Bxc2 Qg5 24. Bc1 Qg4 25. Nd5 Bxd5 26. Rb1 Bxe4 27. Bxe4
Qxd1+ 28. Kf2 Bd4+ 0-1

[Event "AUTO-OPEN-3596"]
[Site "http://www.queenalice.com/game.php?id=1403384"]
[Date "2016.1.9"]
[Round "1"]
[White "Vitorpl"]
[Black "peonaislado"]
[Result "0-1"]
[WhiteElo "1918"]
[BlackElo "1573"]

1. d4 Nf6 2. Nf3 g6 3. e3 Bg7 4. Nbd2 d5 5. b3 Bg4 6. Bb2 a6 7. Bd3 b6 8. Qe2 c5
9. dxc5 bxc5 10. O-O-O O-O 11. h3 Bxf3 12. Qxf3 Nc6 13. e4 dxe4 14. Nxe4 Nd4 15.
Qe3 Nxe4 16. Bxe4 Rc8 17. Bb7 Rb8 18. Bxa6 Rb6 19. Bc4 e6 20. c3 Nxb3+ 21. axb3
Rd6 22. Qxc5 Bh6+ 23. Kc2 Rd2+ 24. Rxd2 Qxd2+ 25. Kb1 Qg5 26. Rg1 Qxc5 27. Rf1
Qf5+ 28. Ka2 Ra8+ 0-1

[Event "AUTO-OPEN-3601"]
[Site "http://www.queenalice.com/game.php?id=1405009"]
[Date "2016.1.19"]
[Round "1"]
[White "Vitorpl"]
[Black "rfdc"]
[Result "1-0"]
[WhiteElo "1820"]
[BlackElo "1947"]

1. d4 d6 2. Nf3 Nc6 3. Nc3 b6 4. d5 Na5 5. e4 e6 6. b4 Nb7 7. Bb2 Ne7 8. Bc4 e5
9. O-O f5 10. Qd3 f4 11. g3 Ng6 12. Ba6 Be7 13. Qc4 O-O 14. Nb5 fxg3 15. fxg3
Bh3 16. Rf2 Bh4 17. Bxb7 Rb8 18. Ba6 Bg5 19. Nxc7 Be3 20. Ne6 Qf6 21. Qe2 Bxf2+
22. Kxf2 Rf7 23. Ke3 Bg4 24. Rf1 Nf8 25. Neg5 Qh6 26. h4 Rf6 27. Kd3 g6 28. Qe3
Qg7 29. c4 h6 30. Ne6 Nxe6 31. dxe6 Rxe6 32. c5 Rf8 33. Bc4 Rf6 34. Bxe6+ Rxe6
35. c6 Rf6 36. Nh2 Rxf1 37. Nxf1 Qf7 38. Nd2 Qxa2 39. Qxh6 Qe6 40. Qg5 Kg7 41.
h5 Bxh5 42. Qd8 Bg4 43. Qc7+ Kh6 44. Qxa7 d5 45. Qxb6 dxe4+ 46. Kxe4 Qf5+ 47.
Ke3 Qg5+ 48. Kd3 Qd8+ 49. Qxd8 1-0

[Event "AUTO-OPEN-3601"]
[Site "http://www.queenalice.com/game.php?id=1405010"]
[Date "2016.1.19"]
[Round "1"]
[White "rfdc"]
[Black "Vitorpl"]
[Result "1-0"]
[WhiteElo "1935"]
[BlackElo "1833"]

1. d4 Nf6 2. e3 d5 3. c4 b6 4. cxd5 Nxd5 5. Nf3 Nc6 6. Be2 g6 7. Nc3 Bg7 8. Nxd5
Qxd5 9. b3 e5 10. Bb2 exd4 11. O-O O-O 12. Nxd4 Bb7 13. Bf3 Qc5 14. Rc1 Qg5 15.
Bxc6 Bxc6 16. Rxc6 Qe7 17. a4 Rfd8 18. Qd2 Qd7 19. Rd1 Qxc6 20. Nxc6 Rxd2 21.
Rxd2 a5 22. Bxg7 Kxg7 23. Rd7 Re8 24. g3 Re6 25. Rxc7 Rd6 26. b4 Rd5 27. bxa5
bxa5 28. Ra7 Rc5 29. Nxa5 Rc1+ 30. Kg2 Ra1 31. Nb3 Ra3 32. Nd4 Ra2 33. a5 Kf6
34. a6 h5 35. Ra8 Ke7 36. a7 Kd7 37. Nb5 Ra5 38. Rf8 1-0

[Event "AUTO-OPEN-3601"]
[Site "http://www.queenalice.com/game.php?id=1405011"]
[Date "2016.1.19"]
[Round "1"]
[White "Vitorpl"]
[Black "Quaff"]
[Result "0-1"]
[WhiteElo "1824"]
[BlackElo "1948"]

1. d4 c6 2. b3 d5 3. Nf3 h6 4. Bb2 Nf6 5. e3 Bg4 6. Nc3 e6 7. Be2 Bb4 8. a3
Bxc3+ 9. Bxc3 Ne4 10. Ne5 Bxe2 11. Qxe2 Nxc3 12. Qf3 O-O 13. Ng4 Nd7 14. Qg3 Kh7
15. a4 f5 16. Ne5 Nxe5 17. Qxe5 Re8 18. Qg3 Qg5 19. Qxg5 hxg5 20. f3 b5 21. axb5
cxb5 22. b4 a5 23. bxa5 b4 24. h4 Kg6 25. Kd2 Reb8 26. h5+ Kh7 27. g4 Nb5 28. a6
Rb6 29. Ra5 Raxa6 30. Rxa6 Rxa6 31. Rb1 Ra4 32. c3 Nxc3 33. Rb3 Na2 34. gxf5
exf5 35. e4 fxe4 36. fxe4 Nc3 37. e5 Kg8 38. Kd3 Ne4 39. Kc2 g4 40. Rb2 b3+ 41.
Rxb3 Rxd4 42. Rb2 Rd2+ 0-1

[Event "AUTO-OPEN-3601"]
[Site "http://www.queenalice.com/game.php?id=1405012"]
[Date "2016.1.19"]
[Round "1"]
[White "Quaff"]
[Black "Vitorpl"]
[Result "1-0"]
[WhiteElo "1936"]
[BlackElo "1842"]

1. e4 e5 2. Nf3 Nc6 3. Bc4 d6 4. h3 h6 5. c3 b6 6. Qb3 Qe7 7. Bb5 Bb7 8. Qc4 Qd7
9. Nh4 a6 10. Bxc6 Bxc6 11. Qe2 Nf6 12. d3 Be7 13. Be3 Nxe4 14. Nf3 Nf6 15. Na3
d5 16. Nxe5 Qd6 17. Nxc6 Qxc6 18. d4 O-O 19. Nb1 Rfe8 20. O-O Qe6 21. Re1 Bd6
22. Nd2 Bf4 23. Qf3 Bxe3 24. Rxe3 Ne4 25. Nxe4 dxe4 26. Qf4 c5 27. f3 g5 28.
Qxe4 cxd4 29. Qxe6 Rxe6 30. Rxe6 fxe6 31. cxd4 Rd8 32. Rd1 e5 33. d5 Kf7 34. Kf2
Ke7 35. Ke3 Rc8 36. Rd2 Kd6 37. Ke4 Rc4+ 38. Kf5 Rd4 39. Rxd4 exd4 40. Ke4 b5
41. Kxd4 a5 42. g4 a4 43. a3 1-0

[Event "Challenge"]
[Site "http://www.queenalice.com/game.php?id=1430962"]
[Date "2016.7.9"]
[Round "-"]
[White "Lordul"]
[Black "Vitorpl"]
[Result "0-1"]
[WhiteElo "1843"]
[BlackElo "1813"]

1. d4 d5 2. Bf4 Nc6 3. e3 g6 4. Bb5 Bd7 5. Bxc6 Bxc6 6. h4 Nf6 7. Be5 Bg7 8. g4
O-O 9. Bxf6 exf6 10. h5 Qe7 11. hxg6 fxg6 12. Nf3 Qb4+ 13. Nbd2 Qxb2 14. a4 Qb4
15. a5 Bd7 16. Nh2 Rae8 17. O-O f5 18. f4 Rxe3 19. Rf3 Qxd4 20. Kg2 fxg4 21.
Rxe3 Qxe3 22. Ndf1 Qh3+ 23. Kg1 Bc6 24. Ra2 d4 25. Rb2 Qg2# 0-1

[Event "Challenge"]
[Site "http://www.queenalice.com/game.php?id=1459106"]
[Date "2017.1.11"]
[Round "-"]
[White "ArnoBlack"]
[Black "Vitorpl"]
[Result "1-0"]
[WhiteElo "1877"]
[BlackElo "1812"]

1. b3 e5 2. Bb2 Nc6 3. e4 g6 4. Nf3 Bg7 5. d3 Nge7 6. Nbd2 d5 7. c3 d4 8. c4 O-O
9. a3 f5 10. Qe2 fxe4 11. Nxe4 Bg4 12. h3 Bxf3 13. gxf3 Nf5 14. Bg2 Nh4 15. Rh2
Rb8 16. Bc1 Nf5 17. Bg5 Qd7 18. f4 h6 19. Nc5 Qc8 20. Bd5+ Kh7 21. Be6 Qe8 22.
h4 b6 23. Bd7 Qf7 24. Be6 Qe8 25. Bd7 Qf7 26. h5 bxc5 27. Bxc6 1-0